| 000 | 00000nam##2200000za#4500 |
| 001 | 9.661464 |
| 003 | CaOODSP |
| 005 | 20210615120117 |
| 007 | ta |
| 008 | 150407|1999||||xxc||||| f|0| 0 fre|d |
| 020 | |a0-662-64622-3 |
| 040 | |aCaOODSP|bfre |
| 041 | |aeng |
| 041 | |afre |
| 043 | |an-cn--- |
| 086 | 1 |aP35-120/1999 |
| 110 | 1 |aCanada. |bTravaux publics et services gouvernementaux Canada. |
| 245 | 10|aAccessibilité: l'obligation d'accommoder |
| 260 | |aOttawa - Ontario : |bTravaux publics et Services gouvernementaux Canada |c1999. |
| 300 | |aTexte français, 6p. ; |c23 cm. |
| 546 | |aBilingue |
| 563 | |aCouverture souple |
| 590 | |a01-06|b2001-02-09 |
| 691 | 07|aAccessibilité (pour personne handicapée)|2gcpds |
| 691 | 07|aPolitique gouvernementale|2gcpds |
| 776 | 0#|tAccessibilité : |w(CaOODSP)9.642086 |
| 776 | 0#|tEnsuring access : |w(CaOODSP)9.698091 |
| 791 | |tEnsuring access: the duty to accommodate |eeng|w(CaOODSP)9.661463 |